Principles & Practice of Nursing Management Administration for B.Sc & M.Sc Nursing (Record no. 1615)
[ view plain ]
| 000 -LEADER | |
|---|---|
| Fixed length control field | 00590nam a2200205Ia 4500 |
| 003 - CONTROL NUMBER IDENTIFIER | |
| Control field | IIN |
| 005 - DATE AND TIME OF LATEST TRANSACTION | |
| Control field | 20240201142826.0 |
| 008 - FIXED-LENGTH DATA ELEMENTS--GENERAL INFORMATION | |
| Fixed length control field | 231217s9999 xx 000 0 und d |
| 020 ## - INTERNATIONAL STANDARD BOOK NUMBER / ISBN | |
| Price | Rs.895.00 |
| International Standard Book Number | 9789390020010 |
| 040 ## - CATALOGING SOURCE | |
| Original cataloging agency | IIN |
| Language of cataloging | English |
| 082 ## - DEWEY DECIMAL CLASSIFICATION NUMBER | |
| Classification number | 610.7 |
| Book Number | VAT |
| 100 1# - MAIN ENTRY--PERSONAL NAME | |
| Personal name | Vati, Jogindra |
| 245 #2 - TITLE STATEMENT | |
| Title | Principles & Practice of Nursing Management Administration for B.Sc & M.Sc Nursing |
| Statement of responsibility | Jogindra Vati |
| 250 ## - EDITION STATEMENT | |
| Edition statement | 2nd ed |
| 260 ## - IMPRINT | |
| Name of publisher | Jaypee |
| Place of publication | New Delhi |
| Date of publication | 2023 |
| 300 ## - PHYSICAL DESCRIPTION | |
| Page / Vol. No | xvi, 667p. |
| 650 1# - SUBJECT ADDED ENTRY--TOPICAL TERM | |
| Topical term | Management |
| Form subdivision | Nursing |
| 650 1# - SUBJECT ADDED ENTRY--TOPICAL TERM | |
| Topical term | Administration |
| Form subdivision | Nursing |
| 942 ## - ADDED ENTRY ELEMENTS (KOHA) | |
| Koha item type | Books |
| Withdrawn status | Lost status | Damaged status | Not for loan | Collection code | Home library | Current library | Date acquired | Price | Total Checkouts | Call number | Accession number | Date last seen | Date checked out | Price effective from | Koha item type | Source of classification | Shelving location |
|---|---|---|---|---|---|---|---|---|---|---|---|---|---|---|---|---|---|
| IDEAL INSTITUTE OF NURSING | IDEAL INSTITUTE OF NURSING | 17/12/2023 | 895.00 | 2 | 610.7 VAT | 1609 | 30/05/2025 | 20/01/2025 | 17/12/2023 | Books | |||||||
| IDEAL INSTITUTE OF NURSING | IDEAL INSTITUTE OF NURSING | 17/12/2023 | 895.00 | 610.7 VAT | 1610 | 17/12/2023 | 17/12/2023 | Books | |||||||||
| IDEAL INSTITUTE OF NURSING | IDEAL INSTITUTE OF NURSING | 17/12/2023 | 895.00 | 610.7 VAT | 1611 | 27/12/2025 | 17/12/2023 | Books | |||||||||
| Purches Book | IDEAL INSTITUTE OF NURSING | IDEAL INSTITUTE OF NURSING | 11/03/2025 | 610.7 VAT | 1844 | 03/04/2025 | 03/04/2025 | Books | Dewey Decimal Classification | General Stacks | |||||||
| Purches Book | IDEAL INSTITUTE OF NURSING | IDEAL INSTITUTE OF NURSING | 11/03/2025 | 610.7 VAT | 1845 | 03/04/2025 | 03/04/2025 | Books | Dewey Decimal Classification | General Stacks |
